00465nam a22001577a 45000050016000000080041000160370013000570400014000700820008000842450018000922600056001103000014001663100012001806500012001922700103002042009042909599.0090429t xxu||||| |||| 00| 0 eng d bDPL/DBAD adplcdbad a574 aBiology today aNew DelhibMahabir Singh, MTG Learning Mediac2009- av.c24 cm amonthly aBiology a406, Taj Apartment, Near Safdarjung Hospital, Ring Road`bNew Delhie110029k46686000minfo@mtg.in